000 00816nam a2200205 a 4500
001 000045786
005 20201002052437.0
008 150512s1991 dr a 000 0 spa d
040 _aDO-SdBNP
_bspa
_cBNPHU
082 _axxxx
_bxxxx
100 1 _aGuerra Reinoso, Alberto
_973869
245 1 3 _aLa técnica de presentación :
_bun método y una expresión /
_cAlberto Guerra Reinoso.
260 _aSanto Domingo :
_bUniversitaria-UASD,
_c1991.
300 _a198 p. :
_bil., retrs. ;
_c20 cm.
490 1 _aPublicaciones de la Universidad Autónoma de Santo Domingo
_v426
490 1 _aArte y sociedad
_v33
500 _aIncluye datos biográficos del autor en la solapa de la contracubierta
830 0 _aPublicaciones de la Universidad Autónoma de Santo Domingo.
_n426
_973870
830 0 _aArte y sociedad.
_n33
_973871
999 _c45275
_d45275